The sociology of secret societies : a study of Chinese societies in Singapore and Peninsular Malaysia

Bibliographic Details
Main Author: Mak, Lau-Fong (Author)
Format: Book
Published: Kuala Lumpur : Oxford University Press , 1981
Subjects:

MARC

LEADER 00000cam a2200000 7i4500
001 0000002799
005 20180211093000.0
008 021118s1981
020 |a 0195804716 
090 0 0 |a HS123.S5M3   |b M38 
100 0 |a Mak, Lau-Fong ,   |e author 
245 1 4 |a The sociology of secret societies :   |b a study of Chinese societies in Singapore and Peninsular Malaysia   |c Lau Fong Mak 
260 2 |a Kuala Lumpur :   |b Oxford University Press ,   |c 1981 
300 |a 178 p. ;   |c 25 cm. 
504 |a Includes bibliography (p. 160-169) and index 
650 0 |a Chinese   |z Malaysia   |x Secret societies 
650 0 |a Secret societies   |z Malaysia 
999 |a 1000027343   |b Book   |c OPEN SHELF (30 DAYS)   |e Gong Badak Campus